Obálka Náhled e-knihy:
PDF Epub
Pro půjčování e-knih musíte být přihlášeni.
Jak si půjčit online?

Stěhování národů /

Zrod raně středověké Evropy v dramatickém procesu splývání kulturního dědictví antiky s křesťanstvím a dynamicky se prosazujícími "barbarskými civilizacemi".

Uloženo v:
Hlavní autor: Bednaříková, Jarmila, 1952- (Autor)
Médium: E-kniha
Jazyk:Czech
Vydáno: V Praze : Vyšehrad, 2026
Vydání:Vydání čtvrté
Edice:Historica (Vyšehrad)
Témata:
Tagy:
Žádné tagy
LEADER 02308nam a2200445 i 4500
001 312912
003 CZ PrSKC
005 20260601215730.0
007 ta
008 260220s2026 xr abfhe 001 0 cze
015 |a cnb003741693 
020 |a 9788026733515  |q (vázáno) :  |c Kč 549,00 
035 |a (OCoLC)1584377022 
040 |a BOA001  |b cze  |e rda 
072 7 |a 94(4)  |x Dějiny Evropy  |2 Konspekt 
080 |a 94(4)"03/05"  |2 MRF 
080 |a (048.8)  |2 MRF 
100 1 |a Bednaříková, Jarmila,  |d 1952-  |7 jk01011338  |4 aut 
245 1 0 |a Stěhování národů /  |c Jarmila Bednaříková 
250 |a Vydání čtvrté 
264 1 |a V Praze :  |b Vyšehrad,  |c 2026 
300 |a 420 stran, 8 nečíslovaných stran obrazových příloh :  |b ilustrace (některé barevné), mapy, faksimile ;  |c 22 cm 
336 |a text  |b txt  |2 rdacontent 
337 |a bez média  |b n  |2 rdamedia 
338 |a svazek  |b nc  |2 rdacarrier 
490 1 |a Historica 
504 |a Obsahuje bibliografii a rejstříky 
520 2 |a Zrod raně středověké Evropy v dramatickém procesu splývání kulturního dědictví antiky s křesťanstvím a dynamicky se prosazujícími "barbarskými civilizacemi".  |b Monografie. Římské impérium v pozdně antickém období. Jednotlivé barbarské národy a jejich příchod do Evropy - Hunové, Góti, Vandalové, Frankové atd. Velká Británie v období stěhování národů. Křesťanství a christianizace. Charakteristika společenského uspořádání prvních barbarských států. 
650 0 7 |a stěhování národů  |7 ph137897  |2 czenas 
650 0 9 |a migrations of nations  |2 eczenas 
655 7 |a monografie  |7 fd132842  |2 czenas 
655 9 |a monographs  |2 eczenas 
710 2 |a Vyšehrad (nakladatelství)  |7 xx0021430  |4 pbl 
830 0 |a Historica (Vyšehrad) 
900 |a ABA001  |b 19 
928 9 |a Albatros Media - Vyšehrad 
044 |a xr 
910 |a RBIT002 
998 |d 424995  |a https://core.palmknihy.cz/api/books/424995/cover?tabksi  |b https://core.palmknihy.cz/api/books/424995/cover/400?tabksi  |c https://core.palmknihy.cz/api/books/424995/cover/50?tabksi  |e 2035-12-31  |g 432  |i 9788026733515  |j https://core.palmknihy.cz/api/books/424995/preview.epub  |k https://core.palmknihy.cz/api/books/424995/preview.pdf  |l   |q 49  |r 1  |s https://www.palmknihy.cz/kniha/424995  |t ebook  |y 2026  |z 0 
999 |d 312910